<?xml version="1.0" encoding="UTF-8"?><?xml-stylesheet type="text/xsl" href="static/style.xsl"?><OAI-PMH xmlns="http://www.openarchives.org/OAI/2.0/" xmlns:xsi="http://www.w3.org/2001/XMLSchema-instance" xsi:schemaLocation="http://www.openarchives.org/OAI/2.0/ http://www.openarchives.org/OAI/2.0/OAI-PMH.xsd"><responseDate>2026-04-17T20:09:29Z</responseDate><request verb="GetRecord" identifier="oai:riubu.ubu.es:10259/7780" metadataPrefix="marc">https://riubu.ubu.es/oai/request</request><GetRecord><record><header><identifier>oai:riubu.ubu.es:10259/7780</identifier><datestamp>2026-01-27T09:16:17Z</datestamp><setSpec>com_10259_5088</setSpec><setSpec>com_10259_2728</setSpec><setSpec>col_10259_2764</setSpec></header><metadata><record xmlns="http://www.loc.gov/MARC21/slim" xmlns:doc="http://www.lyncode.com/xoai" xmlns:xsi="http://www.w3.org/2001/XMLSchema-instance" xmlns:dcterms="http://purl.org/dc/terms/" xsi:schemaLocation="http://www.loc.gov/MARC21/slim http://www.loc.gov/standards/marcxml/schema/MARC21slim.xsd">
<leader>00925njm 22002777a 4500</leader>
<datafield tag="042" ind1=" " ind2=" ">
<subfield code="a">dc</subfield>
</datafield>
<datafield tag="720" ind1=" " ind2=" ">
<subfield code="a">Aparicio Martínez, Ana</subfield>
<subfield code="e">author</subfield>
</datafield>
<datafield tag="520" ind1=" " ind2=" ">
<subfield code="a">Este trabajo propone una situación de aprendizaje que emplea la tecnología emergente de&#xd;
Realidad Aumentada como herramienta didáctica innovadora en las enseñanzas artísticas&#xd;
superiores de diseño. Para ello, en primer lugar, se realiza un análisis bibliográfico a cerca de&#xd;
esta tecnología y su evolución, así como su implantación dentro del sector educativo en&#xd;
general y en el campo del diseño en particular.&#xd;
La propuesta se plantea como un modo de introducir la realidad aumentada en las aulas de&#xd;
diseño con el objetivo de realizar un aprendizaje significativo e interactivo en cuanto a la&#xd;
inteligencia espacial de los estudiantes mediante el uso de las Tecnologías de la Información&#xd;
y la Comunicación (TIC) más novedosas de la actualidad educativa.</subfield>
</datafield>
<datafield tag="520" ind1=" " ind2=" ">
<subfield code="a">This paper proposes a learning situation that uses the emerging technology of Augmented&#xd;
Reality (AR) as an innovative teaching tool in higher artistic education in design. Firstly, a&#xd;
bibliographic analysis is carried out about this technology and this evolution, as well as its&#xd;
implementations within the education sector in general, and in the field of design.&#xd;
The proposal is presented as a way of introducing AR in design classrooms with the aim of&#xd;
achieving significant and interactive learning regarding the spatial intelligence of students&#xd;
through the use of the latest Information and Communication Technologies (ICT) in&#xd;
educational context.</subfield>
</datafield>
<datafield tag="024" ind2=" " ind1="8">
<subfield code="a">http://hdl.handle.net/10259/7780</subfield>
</datafield>
<datafield ind1=" " ind2=" " tag="653">
<subfield code="a">Realidad Aumentada (RA)</subfield>
</datafield>
<datafield ind1=" " ind2=" " tag="653">
<subfield code="a">Educación</subfield>
</datafield>
<datafield ind1=" " ind2=" " tag="653">
<subfield code="a">Recurso didáctico innovador</subfield>
</datafield>
<datafield ind1=" " ind2=" " tag="653">
<subfield code="a">Enseñanzas artísticas</subfield>
</datafield>
<datafield ind1=" " ind2=" " tag="653">
<subfield code="a">Diseño</subfield>
</datafield>
<datafield ind1=" " ind2=" " tag="653">
<subfield code="a">Augmented Reality</subfield>
</datafield>
<datafield ind1=" " ind2=" " tag="653">
<subfield code="a">Education</subfield>
</datafield>
<datafield ind1=" " ind2=" " tag="653">
<subfield code="a">Innovative teaching resource</subfield>
</datafield>
<datafield ind1=" " ind2=" " tag="653">
<subfield code="a">Arts education</subfield>
</datafield>
<datafield ind1=" " ind2=" " tag="653">
<subfield code="a">Design</subfield>
</datafield>
<datafield tag="245" ind1="0" ind2="0">
<subfield code="a">La realidad aumentada como recurso pedagógico en los estudios de Diseño</subfield>
</datafield>
</record></metadata></record></GetRecord></OAI-PMH>